Länder Asiens / 2026 - Statistiken

Allgemein
  • Dieses Quiz wurde 95 mal gespielt
  • Das Durchschnittsergebnis liegt bei 24 aus 51
Answers on the Grid
Answers color-coded by a green-red scale on the quiz's grid according to % correct below.
Afghanistan
Armenien
Aserbaidschan
Bahrain
Bangladesch
Bhutan
Brunei
China, Volksrepublik
Georgien
Indien
Indonesien
Irak
Iran
Israel
Japan
Jemen
Jemen
Jordanien
Kambodscha
Kasachstan
Katar
Kirgisistan
Kuwait
Laos
Libanon
Malaysia
Malediven
Mongolei
Myanmar
Nepal
Nordkorea
Oman
Pakistan
Palästina ( Teilweise Anerkannt )
Philippinen
Russland
Saudi-Arabien
Singapur
Sri Lanka
Südkorea
Syrien
Tadschikistan
Taiwan ( Teilweise Anerkannt )
Thailand
Timor-Leste
Türkei
Turkmenistan
Usbekistan
Vereinigte Arabische Emirate
Vietnam
Zypern ( Geografisch )
Seilx
Deutschland
Ukraine
Uzbekiztaan
Mongolien
Zpen
China ( Internationale Föderation )
Federal Republic of Manymar
Manymar
Ipswich
NATO
United Arabian States
Arabische Emirate
Cathay
Hong Kong
Chile
Zanzibar
Malé
Australien
Der Vatican
Cervela
Zupir
Zentral Asiatische Republic
Niederlassung Taiwan
Honololu
Emirates
Tüpern
Sai Hing
Bai Sei Tan
Haikou
Haian
Hainan
Haisan
Uzber
Uber Eats
Ia Ias
Loas
Laos / Vietnam Niederlassung
Aisi
Asien
 
Antwortstatistiken
Antwort % Korrekt
Katar
58%
Südkorea
58%
Iran
56%
Syrien
56%
Afghanistan
54%
Kambodscha
54%
Mongolei
54%
Singapur
54%
China, Volksrepublik
52%
Jemen
52%
Philippinen
52%
Tadschikistan
52%
Taiwan ( Teilweise Anerkannt )
52%
Vietnam
52%
Bangladesch
50%
Indien
50%
Indonesien
50%
Israel
50%
Japan
50%
Jordanien
50%
Myanmar
50%
Oman
50%
Thailand
50%
Bahrain
48%
Irak
48%
Laos
48%
Nordkorea
48%
Türkei
48%
Turkmenistan
48%
Usbekistan
48%
Armenien
46%
Aserbaidschan
46%
Malaysia
46%
Nepal
46%
Brunei
44%
Georgien
44%
Jemen
44%
Kasachstan
44%
Kirgisistan
44%
Pakistan
44%
Sri Lanka
44%
Kuwait
42%
Saudi-Arabien
42%
Libanon
40%
Bhutan
38%
Russland
38%
Vereinigte Arabische Emirate
38%
Zypern ( Geografisch )
38%
Malediven
35%
Palästina ( Teilweise Anerkannt )
33%
Timor-Leste
23%
Keine übereinstimmenden Quizze gefunden
Verteilung der Resultate
Anzahl Personen mit jedem Resultat
Perzentil nach korrekt beantworteten Fragen
Ihre Resultats-Entwicklung
Sie haben dieses Quiz noch nicht gespielt